| 000 | 00491nam a2200169 i 4500 | ||
|---|---|---|---|
| 001 | 37570 | ||
| 003 | ES-MaACL | ||
| 005 | 20250907063039.0 | ||
| 007 | t| | ||
| 008 | 030221q19001999sp ||||1| spa d | ||
| 100 | 1 |
_aBueno, Ángel, _dfl. 1888-1915 _932373 |
|
| 245 | 1 | 3 |
_aLa educación por la vista _b: libro del maestro / _cAngel Bueno. |
| 260 |
_aBurgos : _bHijos de Santiago Rodríguez, _c[19--?] |
||
| 300 | _a31 p. | ||
| 852 |
_aES-MaACL _j1669-F-10 |
||
| 999 |
_c37570 _d37570 |
||